PUBG Waffen - Statistiken

Allgemein
  • Dieses Quiz wurde 173 mal gespielt
  • Das Durchschnittsergebnis liegt bei 9 aus 35
Antwortstatistiken
Munition Waffe % Korrekt
7,62mm AKM
82%
5,56mm M416
64%
Bolzen Armbrust
62%
5,56mm M16A1
61%
5,56mm ScarL
48%
7,62mm M24
47%
9mm UMP
46%
Magnum .300 AWM
39%
9mm Mikro Uzi
37%
.ACP Vector
37%
9mm P18C
34%
7,62mm SKS
34%
5,56mm Mini14
33%
5,56mm AUG
30%
.ACP M1911
26%
7,62mm SLR
25%
7,62mm Beryl
21%
7,62mm MK14
21%
9mm P92
20%
Kaliber 12 S12K
18%
5,56mm M249
16%
.ACP Winchester
15%
5,56mm QBZ
14%
.ACP Thompson
14%
9mm VSS
13%
5,56mm QBU
12%
Kaliber 12 S686
12%
7,62mm DP28
11%
Kaliber 12 Abgesägte Flinte
10%
7,62mm K98
10%
7,62mm MK47
9%
Kaliber 12 S1897
8%
7,62mm Grooza
3%
7,62mm R1895
3%
.ACP R45
3%
Keine übereinstimmenden Quizze gefunden
Verteilung der Resultate
Anzahl Personen mit jedem Resultat
Perzentil nach korrekt beantworteten Fragen
Ihre Resultats-Entwicklung
Sie haben dieses Quiz noch nicht gespielt